Statistics for Пост-Советские Страны

Click here to take the quiz!

General Stats

  • This quiz has been taken 966 times
  • The average score is 13 of 15

Answer Stats

HintAnswer% Correct
11Украина
98%
2Казахстан
97%
1Россия
96%
8Литва
94%
9Латвия
93%
10Эстония
91%
12Беларусь
91%
4Узбекистан
89%
6Армения
87%
7Грузия
85%
5Азербайджан
84%
13Таджикистан
84%
14Туркменистан
79%
3Киргизия
73%
15Молдова
71%

Score Distribution

Percentile by Number Answered

Percent of People with Each Score

Your Score History

You have not taken this quiz